Song to Artist 2008 - Statistics

General Stats
  • This quiz has been taken 12 times
  • The average score is 12 of 20
Answer Stats
Song Artist % Correct
If I Were a Boy Beyoncé
100%
Hot N Cold Katy Perry
91%
Use Somebody Kings Of Leon
82%
Chasing Pavements Adele
73%
Womanizer Britney Spears
73%
Viva la Vida Coldplay
73%
So What P!NK
73%
Take a Bow Rihanna
73%
Love Story Taylor Swift
73%
American Boy Estelle
64%
4 Minutes Madonna
64%
I'm Yours Jason Mraz
55%
When I Grow Up The Pussycat Dolls
55%
Love in this Club Usher
55%
Miss Independent Ne-Yo
36%
Gives You Hell The All-American Rejects
36%
Live Your Life T.I.
36%
Burnin' Up Jonas Brothers
27%
Right Now (Na Na Na) Akon
18%
Black & Gold Sam Sparro
18%
No matching quizzes found
Score Distribution
Percent of People with Each Score
Percentile by Number Answered
Your Score History
You have not taken this quiz